Loading...
| Short Fiction and Other | 2 | 2 | 2 | 0 | 40 | 52 | 97.50 | 3 | 4 | 17.32 | 38.89 |
| Fine Arts - Other | 1 | 1 | 0 | 0 | 25 | 45 | 81.00 | 2 | 2 | 7.26 | 15.38 |
| History - World | 1 | 1 | 1 | 0 | 20 | 60 | 97.50 | 2 | 2 | 5.12 | 15.38 |
| Literature - Long Fiction | 0 | 2 | 0 | 0 | 20 | 112 | 118.00 | 2 | 2 | 5.01 | 18.18 |
| Other Academic | 0 | 2 | 0 | 0 | 20 | 85 | 90.00 | 2 | 2 | 9.16 | 22.22 |
| Philosophy | 1 | 1 | 1 | 0 | 20 | 70 | 85.00 | 2 | 2 | 9.10 | 22.22 |
| Mythology | 1 | 0 | 0 | 0 | 15 | 58 | 58.00 | 1 | 1 | 10.05 | 16.67 |
| Religion | 1 | 0 | 0 | 0 | 15 | 32 | 32.00 | 1 | 1 | 11.18 | 14.29 |
| Fine Arts - Painting and Sculpture | 1 | 0 | 0 | 0 | 15 | 45 | 45.00 | 1 | 1 | 7.69 | 11.11 |
| Science - Math | 1 | 0 | 0 | 0 | 15 | 72 | 72.00 | 1 | 1 | 52.00 | 100.00 |
| Current Events | 0 | 1 | 0 | 1 | 10 | 138 | 138.00 | 0 | 1 | 0.10 | 7.14 |
| History - American | 0 | 1 | 0 | 0 | 10 | 78 | 78.00 | 0 | 1 | 5.38 | 6.25 |
| History - European | 0 | 1 | 0 | 0 | 10 | 75 | 75.00 | 1 | 1 | 5.28 | 5.56 |
| Literature - Drama | 0 | 1 | 0 | 0 | 10 | 92 | 92.00 | 1 | 1 | 5.91 | 14.29 |
| Science - Biology | 0 | 1 | 0 | 1 | 10 | 125 | 125.00 | 0 | 1 | 0.09 | 5.56 |
| Science - Chemistry | 0 | 1 | 0 | 1 | 10 | 136 | 136.00 | 0 | 1 | 0.24 | 5.56 |
| Science - Other | 0 | 1 | 0 | 0 | 10 | 96 | 96.00 | 0 | 1 | 4.22 | 6.25 |
| Science - Physics | 0 | 1 | 0 | 1 | 10 | 131 | 131.00 | 1 | 1 | 0.17 | 11.11 |
| History - Other | 0 | 0 | 1 | 0 | -5 | 0.00 | 0 | 0 | 0.00 | 0.00 | |
| Social Science | 0 | 0 | 1 | 0 | -5 | 0.00 | 0 | 0 | 0.00 | 0.00 |